| 000 | 01321nam a2200229 4500 | ||
|---|---|---|---|
| 003 | BD-RjUL | ||
| 005 | 20250723102640.0 | ||
| 008 | 221003s1982 pk ||||| |||| 00| 0 urd d | ||
| 035 | _a(BD-RjUL) | ||
| 040 |
_aBD-RjUL _beng _cBD-RjUL |
||
| 041 | _aurd | ||
| 082 |
_223 _a891.4391 _bSHI 1982 |
||
| 100 | 1 |
_aشبلي، محمد نعماني،,. _95124 |
|
| 245 | 1 | 0 |
_a انتخابات شبلى : يعنى مولانا شبلى كى شعر العجم اور موازنه كا انتخاب جس مين كلام كى حسن وقبح اور عيب وهنر اور شعر كى حقيقت اور اصول تنقيد كى تشريح كى گئى هى # # aintikhabat shublaa : yuenaa mwlana shublaa kaa shier aleajam awr mawazinah ka aintikhab jasi min[sic] kalam kaa hasan waqubh awr eayb wahinr awar shaer kaa haqiqat awr aswl tanqid kaa tashrih kaa gya haaا / _cMuhammad Noamani Shibli, Syed Suleiman Nadwi # # محمد نعماني شبلي،, سيد سليمان.ندوي |
| 250 | _a3rd.ed. | ||
| 260 |
_a اعظم گده : _bمطبعۀ معارف پريس،, _c1982 |
||
| 300 |
_a٢٢٠ص. _c22 cm |
||
| 490 |
_aسلسلۀ دار المصنفين ; _vno. 61 |
||
| 700 |
_a ندوي، سيد سليمان _916204 |
||
| 830 |
_aسلسلۀ دار المصنفين ؛ _95126 |
||
| 942 |
_2ddc _cBK |
||
| 999 |
_c80489 _d80489 |
||